000 00560nam a22001937a 4500
005 20250109111932.0
008 250109b |||||||| |||| 00| 0 eng d
020 _a9780072941647
050 _aHF1416 CAT
100 _aCateora Philip R.
245 _aInternational Marketing
_cPhilip R. Cateora & John L. Graham
250 _a12th Ed.
260 _aBoston
_bMcGraw-Hill/Irwin
_c2005
300 _axxxiii. 697p.
_bill. col.
_c28.5 cm x 22 cm
500 _aIncludes Index
650 _2Marketing
700 _aGraham John L.
942 _2lcc
_cBK
_e12th Ed.
_n0
999 _c2490
_d2490